| 000 | 00335nam a2200133Ia 4500 | ||
|---|---|---|---|
| 008 | 150301s2013 xx 000 0 und d | ||
| 082 |
_a617.96 _bR 13K |
||
| 100 | _aKAPOOR, POONAM MALHOTRA | ||
| 245 | _aREVEW OF CARDIAC ANESTHEESIA | ||
| 260 |
_bJAYPEE _aDELHI _c2013 |
||
| 300 | _a517 | ||
| 650 | _aANESTHESIOLOGY | ||
| 942 |
_2ddc _cBK _01 |
||
| 999 |
_c6682 _d6682 |
||